| 000 | 00627nam a22002175a 4500 | ||
|---|---|---|---|
| 005 | 20201128023702.0 | ||
| 008 | 160323s2008 ii a fr 000 0 eng d | ||
| 020 | _a9788178803715 | ||
| 040 |
_aEG-ScBUE _beng _cEG-ScBUE |
||
| 082 | 0 | 4 |
_a620.5 _bBHA _222 |
| 100 | 1 |
_aBhattacharya, Aparna. _939658 |
|
| 245 | 1 | 0 |
_aNano medicine / _cAparna Bhattacharya. |
| 246 | 3 | _aNanomedicine | |
| 260 |
_aNew Delhi : _bRajat Publications, _c2008. |
||
| 300 |
_a318 p. : _bill. ; _c22 cm. |
||
| 650 | 7 |
_aNanotechnology. _2BUEsh _9519 |
|
| 650 | 0 |
_aMedical technology. _2BUEsh |
|
| 651 | _2BUEsh | ||
| 653 |
_bENGGEN _cMarch2016 |
||
| 942 | _2ddc | ||
| 999 |
_c21494 _d21466 |
||